El Ilmo. Sr. Obispo de Guadalajara representa al Supremo gobierno, pidiendo la derogación de la ley de 11 de abril del corriente...

Detalles Bibliográficos
Formato: Libro
Publicado: Guadalajara 1857
Materias:
Colección:Banco de datos
Acervo:Biblioteca del Ex Convento de Nuestra Señora de Guadalupe. Zacatecas
Tema general:Derecho Eclesiástico
Notas:Buena. XX, 4, 22 (6515). Encuadernada con 6 diferentes obras.
LEADER 00761nam a22001810004500
035 |a 48878 
036 |a 10062 
245 1 0 |a El Ilmo. Sr. Obispo de Guadalajara representa al Supremo gobierno, pidiendo la derogación de la ley de 11 de abril del corriente... 
260 |a Guadalajara  |b imp. Rodríguez  |c 1857 
500 |a Buena. XX, 4, 22 (6515). Encuadernada con 6 diferentes obras. 
650 1 0 |a Derecho Eclesiástico 
949 |a CRZ-CG 
959 |a Ex convento de Nuestra Señora de Guadalupe, Museo Regional de Zacatecas, Zacatecas  |b CCC4 
960 |a Convento de Nuestra Señora de Guadalupe, Zacatecas  |b DD87 
961 |a Franciscana  |b OF 
942 |c CRZ-CG 
943 |g Biblioteca del Ex Convento de Nuestra Señora de Guadalupe. Zacatecas 
999 |c 973005  |d 973005